"Nosotros-otros", violencia simbólica y representaciones sociales sobre el migrante internacional. Un análisis en las instituciones educativa y judicial en la Ciudad de Buenos Aires y Gran Buenos Aires (Record no. 170885)
[ view plain ]
| 000 -CABECERA | |
|---|---|
| campo de control de longitud fija | 02633nab a2200337 a 4500 |
| 005 - FECHA Y HORA DE LA ÚLTIMA TRANSACCIÓN | |
| campo de control | 20210219162147.0 |
| 008 - ELEMENTOS DE LONGITUD FIJA--INFORMACIÓN GENERAL | |
| campo de control de longitud fija | 991125s1985 mx 000 0 spa u |
| 035 ## - NÚMERO DE CONTROL DEL SISTEMA | |
| Número de control de sistema | UPN01000198784 |
| 049 ## - COLECCIÓN | |
| Colección | ART-E |
| 100 1# - ASIENTO PRINCIPAL--NOMBRE PERSONAL | |
| Nombre de persona | González, Anahí |
| 100 1# - ASIENTO PRINCIPAL--NOMBRE PERSONAL | |
| Filiación | anahipgonzalez@gmail.com |
| 100 1# - ASIENTO PRINCIPAL--NOMBRE PERSONAL | |
| Nombre de persona | Plotnik, Gabriela |
| 100 1# - ASIENTO PRINCIPAL--NOMBRE PERSONAL | |
| Filiación | gabrielaplotnik@yahoo.com.ar |
| 222 ## - TÍTULO CLAVE | |
| Título clave | ARGUMENTOS : REVISTA DE CRITICA SOCIAL |
| 245 ## - MENCIÓN DE TÍTULO | |
| Título | "Nosotros-otros", violencia simbólica y representaciones sociales sobre el migrante internacional. Un análisis en las instituciones educativa y judicial en la Ciudad de Buenos Aires y Gran Buenos Aires |
| 260 ## - PUBLICACIÓN, DISTRIBUCIÓN, ETC. | |
| Lugar de publicación, distribución, etc. | Argentina |
| 300 ## - DESCRIPCIÓN FÍSICA | |
| Extensión | 150-175 |
| 362 0# - FECHAS DE PUBLICACIÓN Y/O DESIGNACIÓN SECUENCIAL | |
| Fecha de publicación y/o designación secuencial | 2013 No. 15 |
| 336 ## - TIPO DE CONTENIDO | |
| Término de tipo de contenido | texto$2rdacontent |
| 337 ## - TIPO DE MEDIO | |
| Nombre/término del tipo de medio | computadora$2rdamedia |
| 338 ## - TIPO DE SOPORTE | |
| Nombre/término del tipo de soporte | recurso en linea$2rdacarrier |
| 520 3# - NOTA DE RESUMEN, ETC. | |
| Sumario, etc. | El artículo tiene como hipótesis central que los docentes y los miembros del poder judicial construyen representaciones sociales discriminatorias hacia los migrantes internacionales, lo que supone el ejercicio de una violencia simbólica de difícil visibilización, reproduciendo cotidianamente en ambos espacios relaciones de dominación y exclusión. Se analizan los resultados de catorce grupos focales –de ocho a diez integrantes, cada uno- realizados a docentes de escuelas primarias y secundarias, públicas y privadas de la Ciudad de Buenos Aires y la Provincia de Buenos Aires y cuarenta entrevistas efectuadas a miembros del poder judicial del mismo ámbito socio geográfico en el marco de dos proyectos UBACYT, dirigidos por Néstor Cohen y con sede en el Instituto de Investigaciones Gino Germani de la Universidad de Buenos Aires. Este proyecto aborda la cuestión de la interculturalidad focalizándose en las relaciones conflictivas y de poder que pudiesen implicar. A modo de estructurar el análisis de los resultados obtenidos, se definieron tres ejes transversales a los dos campos analizados: inferiorización del "otro" migrante, el "otro" migrante como amenaza-enemigo y el "otro" migrante como invasor. En términos analíticos estos ejes se presentan de modo diferenciado aunque se asume que se encuentran vinculados entre sí y, consecuentemente, tienen como efecto el refuerzo de la condición de vulnerabilidad del migrante internacional. |
| 653 0# - TERMINO DE INDIZACION - NO CONTROLADO | |
| Término no controlado | MIGRANTES |
| 653 0# - TERMINO DE INDIZACION - NO CONTROLADO | |
| Término no controlado | RELACIONES INTERCULTURALES |
| 653 0# - TERMINO DE INDIZACION - NO CONTROLADO | |
| Término no controlado | VIOLENCIA |
| 653 0# - TERMINO DE INDIZACION - NO CONTROLADO | |
| Término no controlado | DOCENTES |
| 653 0# - TERMINO DE INDIZACION - NO CONTROLADO | |
| Término no controlado | PODER JUDICIAL |
| 856 4# - LOCALIZACIÓN Y ACCESO ELECTRÓNICOS | |
| Identificador Uniforme del Recurso | <a href="file:///C:/Users/usuario/Downloads/Dialnet-NosotrosotrosViolenciaSimbolicaYRepresentacionesSo-4549269.pdf">file:///C:/Users/usuario/Downloads/Dialnet-NosotrosotrosViolenciaSimbolicaYRepresentacionesSo-4549269.pdf</a> |
| 905 ## - TIPO DE MATERIAL | |
| Tipo de material | Articulo |
No items available.
